Las Mancomunidades en nuestro derecho local / Tomás Quintana López
Publicado:
Madrid :
MAP, Ministerio para las Administraciones Públicas. Secretaría General Técnica. Insituto Nacional de Administración Pública, [1991 ?]
Descripción Física:
86 p. ; 24 cm
Colección:
Estudios. Administraciones territoriales
MARC
| LEADER | 00000nam a2200000Ia 4500 | ||
|---|---|---|---|
| 001 | 19183 | ||
| 008 | 160829s9999 xx 000 0 cat d | ||
| 080 | |a M-3-275 | ||
| 100 | |a Quintana López, Tomás |9 45246 | ||
| 245 | |a Las Mancomunidades en nuestro derecho local / Tomás Quintana López | ||
| 260 | |a Madrid : |b MAP, Ministerio para las Administraciones Públicas. Secretaría General Técnica. Insituto Nacional de Administración Pública, [1991 ?] | ||
| 300 | |a 86 p. ; |c 24 cm | ||
| 490 | |a Estudios. Administraciones territoriales | ||
| 590 | |a Bibliografia | ||
| 650 | 0 | |a Administració local |z Espanya |9 37433 | |
| 650 | |a Mancomunitats |x Espanya |9 45247 | ||
| 710 | |a Instituto Nacional de Administración Pública (Espanya) |9 17952 | ||
| 710 | |a Espanya. |b Ministerio para las Administraciones Públicas |9 69872 | ||
| 901 | |a Arxiu | ||
| 942 | |n 1 | ||
| 952 | |0 0 |1 0 |4 0 |6 M3275 |7 1 |9 52477 |a Arxiu |b Arxiu |d 2016-12-01 |l 0 |o M-3-275 |p 19183 |r 2016-12-01 00:00:00 |w 2016-12-01 |y ARXIU | ||
| 999 | |c 56325 |d 56325 | ||